Deftones - Around The Fur Songs - Statistics

General Stats
  • This quiz has been taken 22 times
  • The average score is 8 of 10
Answer Stats
Spotify Streams Songs % Correct
464,471,856 Be Quiet And Drive (Far Away)
100%
567,870,426 My Own Summer (Shove It)
100%
125,658,973 Around The Fur
95%
234,227,905 Mascara
95%
26,957,379 MX
85%
46,348,996 Lhabia
80%
43,839,712 Lotion
80%
56,330,161 Dai The Flu
70%
43,057,426 Headup
70%
30,919.800 Rickets
70%
No matching quizzes found
Score Distribution
Percent of People with Each Score
Percentile by Number Answered
Your Score History
You have not taken this quiz